000 00296nam a2200109Ia 4500
008 240624s9999 xx 000 0 und d
041 _aeng
082 _a658.4092 VAR
100 _aVARGHESE SANGEETH
245 _aDECIDE TO LEAD 9 DECISIONS THAT CAN MAKE
260 _aExch.true leader
_bBusinessworld
999 _c14049
_d14049